000 01471nam0a2200373 i 4500
001 RU\NLR\BIBL_A\010560677
005 20260406044301.0
010 _a9785898792176
_d100.00
_9500
021 _aRU
_b2014-75916
_94650
035 _a(NILC)LIBNET\0000453228
035 _aRU\CHEL\0000023753
035 _a(NLR Aleph) 010560677
090 _a10378714
_c10378714
100 _a20141209d2014 km y0rusy50 ca
101 0 _arus
102 _aRU
105 _ay|||z|||100zy
200 1 _aЛевый либерализм и проблема утверждения Веймарской демократии (1918-1926 гг.)
_fС. М. Ткачев
210 _aЧелябинск
_c[б. и.]
_d2014
215 _a307 с.
_d20
320 _aБиблиогр. в примеч.: с. 282-306
606 _aЛиберализм
_yГермания
_z1919 - 1933
_92474887
_3RU\NLR\AUTH\6601686461
610 2 _aнемецкая демократическая партия
610 2 _aлиберализм
610 2 _aВеймарская республика
686 1 _aФ69(4Г)42
686 1 _aТ3(4Г)62-5
700 1 _8rus
_7ca
_aТкачев
_bС. М.
_gСергей Михайлович
_3RU\NLR\AUTH\774184
_9114167
801 0 _aRU
_bЧелябинская ОУНБ
_c20140404
_grcr
_2rusmarc
801 1 _aRU
_bЧелябинская ОУНБ
_c20140603
_2rusmarc
942 _cBOOK
980 _aNBR